| 000 | 00523nam a2200157Ia 4500 | ||
|---|---|---|---|
| 008 | 260520s2023 xx 000 0 und d | ||
| 041 | _amar | ||
| 082 | _a954.03/MIL | ||
| 100 | _aमिल, ऑ स्टु | ||
| 245 | _aस्वातंत्र्यविषयी | ||
| 250 | _a2nd ed | ||
| 260 |
_aमुंबई _bमहाराष्ट्र राज्य साहित्य आणि संस्कृती मंडळ _c2023 |
||
| 300 | _a178p. | ||
| 500 | _aCat No: 15206 | ||
| 650 | _aHISTORY | ||
| 999 |
_c1221930 _d1221930 |
||